00886nam a2200205 a 450000100100000000500170001000800410002704000250006808200190009310000370011224500700014926000510021930000210027050000570029150400410034865000380038995201160042795201220054399900150066500000305820260309102801.0090706s2005 dr 000 0 spa d aDO-SdBNPbspacBNPHU a340.072bR758g1 aRomán R., Rafael Antonio9966110aGuía de investigación jurídica /cRafael Antonio Román R. aSanto Domingo :bWest Printing Service,c2005. a160 p. ;c21 cm. aIncluye datos biográficos del autor en las solapas aIncluye bibliografías (p. 157-159) 0aInvestigación jurídica 99662 0010718PDaPDbPDcCTd2009-07-06iLF1l0o340.072 R758gp3058-10r2020-06-25w2020-06-25yLFPDZNo se presta 0010718PDaPDbPDcCTd2009-07-06iLF1l0o340.072 R758gp3058-20r2020-06-25te. 2w2020-06-25yLFPDZNo se presta c2889d2889